Whither CPD? A research project report into professional opinion of continuing professional development for chartered surveyors. (Record no. 94961)

MARC details
000 -LEADER
fixed length control field 01239cam a2200301 4500
008 - FIXED-LENGTH DATA ELEMENTS--GENERAL INFORMATION
fixed length control field 090401t1994 xxu||||| |||| 00| 0 eng d
020 ## - INTERNATIONAL STANDARD BOOK NUMBER
International Standard Book Number 1871955025
035 ## - SYSTEM CONTROL NUMBER
System control number (Sirsi) u66918
041 ## - LANGUAGE CODE
Language code of text/sound track or separate title eng
050 ## - LIBRARY OF CONGRESS CALL NUMBER
Classification number 333.0023
100 ## - MAIN ENTRY--PERSONAL NAME
Personal name Sayce, Sarah
245 ## - TITLE STATEMENT
Title Whither CPD? A research project report into professional opinion of continuing professional development for chartered surveyors.
260 ## - PUBLICATION, DISTRIBUTION, ETC.
Place of publication, distribution, etc. Kingston upon Thames
Name of publisher, distributor, etc. Kingston University
Date of publication, distribution, etc. 1994
300 ## - PHYSICAL DESCRIPTION
Extent vi,95p. ; 30cm.
350 ## - PRICE (NR) (BK AM CF MU VM SE) [OBSOLETE]
Price 12.5
520 ## - SUMMARY, ETC.
Summary, etc. Introduces and outlines the changes in RICS CPD policy and reports the results of a survey of the current perceptions of CPD held by RICS members, preferred methods of implementation and attitudes to monitoring, accreditation and possible links with post-graduate qualifications.
650 ## - SUBJECT ADDED ENTRY--TOPICAL TERM
Topical term or geographic name entry element ABOUT RICS-RICS MEMBERS
650 ## - SUBJECT ADDED ENTRY--TOPICAL TERM
Topical term or geographic name entry element CONTINUING PROFESSIONAL DEVELOPMENT
650 ## - SUBJECT ADDED ENTRY--TOPICAL TERM
Topical term or geographic name entry element CPD
650 ## - SUBJECT ADDED ENTRY--TOPICAL TERM
Topical term or geographic name entry element WHITHER CPD
690 ## - LOCAL SUBJECT ADDED ENTRY--TOPICAL TERM (OCLC, RLIN)
Topical term or geographic name as entry element MANAGEMENT-BUSINESS MANAGEMENT-PROFESSIONAL PRACTICE
700 ## - ADDED ENTRY--PERSONAL NAME
Personal name Herbert, Amanda
700 ## - ADDED ENTRY--PERSONAL NAME
Personal name Martin, Simon
710 ## - ADDED ENTRY--CORPORATE NAME
Corporate name or jurisdiction name as entry element Kingston University School of Surveying
9 (RLIN) 2114
710 ## - ADDED ENTRY--CORPORATE NAME
Corporate name or jurisdiction name as entry element Royal Institution of Chartered Surveyors
9 (RLIN) 4900
942 ## - ADDED ENTRY ELEMENTS (KOHA)
Suppress in OPAC 0
948 ## - LOCAL PROCESSING INFORMATION (OCLC); SERIES PART DESIGNATOR (RLIN)
c (OCLC) 04/03/1997
Holdings
Withdrawn status Lost status Source of classification or shelving scheme Damaged status Not for loan Home library Current library Shelving location Date acquired Cost, normal purchase price Total Checkouts Full call number Barcode Date last seen Date last checked out Copy number Cost, replacement price Price effective from Koha item type
    Dewey Decimal Classification     London London Basement 03/03/1995 12.50 15 BASEMENT 30045121 06/08/2019 06/09/2005 1 12.50 06/08/2019 Book